000 01035nam a2200301 4500
001 0000016947
003 CO-CtgCURN
005 20250329191019.0
007 ta
008 160627s1996 000 0 eng d
020 _a8425216419
040 _aCO-CtgCURN
_bspa
_ccoctgcurn
082 0 _a724.91
_bB35h
100 1 _aBenevolo, Leonardo.
245 1 0 _aHistoria de la arquitectura moderna /
_cLeonardo Benevolo.
250 _a7a ed. revisada y ampliada.
260 _aBarcelona :
_bGustavo Gili,
_c1996.
300 _a1164 p.
336 _2rdacontent
337 _2rdamedia
_asin mediacion
_bn
338 _2rdacarrier
_avolumen
_bnc
505 8 _aArquitectura.--Construcción.--Urbanismo.--Arquitectura y diseño.--Proyecto y construcción.--Historia de la arquitectura
650 1 4 _aArquitectura moderna
_vHistoria.
908 _a160627
942 _cBK
_h724.91
_iB35h
_2ddc
999 _c11180
_d11180